Educación intercultural en Chile: experiencias, pueblos y territorios
Guardat en:
| Autors principals: | , , , |
|---|---|
| Format: | Llibre |
| Idioma: | espanyol |
| Publicat: |
Santiago, Chile.
Ediciones Universidad Católica de Chile,
2017
|
| Col·lecció: | Colección Estudios en Educación
|
| Matèries: | |
| Etiquetes: |
Afegir etiqueta
Sense etiquetes, Sigues el primer a etiquetar aquest registre!
|
MARC
| LEADER | 00000cam a2200000 a 4500 | ||
|---|---|---|---|
| 001 | UCB0003 | ||
| 003 | CL-VaPUC | ||
| 005 | 20211019110407.0 | ||
| 008 | 191206e20170000cl spa d | ||
| 999 | |c 375811 |d 375809 | ||
| 020 | |a 9789561421660 | ||
| 040 | |c Pontificia Universidad Católica de Valparaíso | ||
| 082 | 0 | 4 | |a 370.117 TRE 2017 |2 21 |
| 100 | 1 | |a Treviño, Ernesto |e author |9 604781 | |
| 245 | 1 | 0 | |a Educación intercultural en Chile: experiencias, pueblos y territorios |
| 260 | |a Santiago, Chile. |b Ediciones Universidad Católica de Chile, |c 2017 | ||
| 300 | |a 366 páginas | ||
| 490 | 0 | |a Colección Estudios en Educación | |
| 583 | |a last modification |c 20191206 10:52:00 |k cmena | ||
| 650 | 0 | 0 | |a Educación multicultural |9 468257 |
| 650 | 0 | 0 | |a Educación intercultural |2 CL-VaPUC |9 339736 |
| 650 | 0 | 0 | |a Métodos de enseñanza |9 270413 |
| 650 | 0 | 0 | |a Estrategias de aprendizaje |9 502281 |
| 700 | 1 | |a Morawietz, Liliana |e author |9 605319 | |
| 700 | 1 | |a Villalobos, Cristóbal |e author |9 605320 | |
| 700 | 1 | |a Villalobos, Esteban |e author |9 605321 | |
| 942 | |c BK |2 ddc | ||
| 945 | |a cmena |d 20191206 10:52:00 | ||
| 952 | |0 0 |1 0 |2 ddc |3 erb |4 0 |6 370_117000000000000_TRE_2017 |7 0 |8 A |9 495614 |a BIBHIS |b BIBHIS |e 80 |g 12000.00 |i 5566819 |o 370.117 TRE 2017 |p 5566819 |r 2025-01-20 |v 12000.00 |w 2020-01-06 |y BK |z Catalogado en:20191206 |k HIS | ||